Fitness aerobics
| Main Author: | Brick, Lynne |
|---|---|
| Published: |
Champaign, IL:
Human Kinetics,
1996.
|
| Series: |
Fitness spectrum series
|
| Subjects: |
| LEADER | 00511cam a2200169 7i4500 | ||
|---|---|---|---|
| 001 | 0000005511 | ||
| 005 | 20200610090000.0 | ||
| 020 | |a 087322471X | ||
| 090 | 0 | 0 | |a RA781.15 |b .B75 1996 |
| 100 | 1 | |a Brick, Lynne | |
| 245 | 1 | 0 | |a Fitness aerobics |c Lynne Brick. |
| 260 | |a Champaign, IL: |b Human Kinetics, |c 1996. | ||
| 300 | |a vi, 169 p.: |b col. ill.; |c 23 cm. | ||
| 490 | 0 | |a Fitness spectrum series | |
| 650 | 0 | 0 | |a Aerobic exercises |
| 997 | |a Health Sciences, Faculty | ||
| 999 | |a 0000003890 |b BOK |c OPEN SHELF |e 1st Floor, Shah Alam | ||


